000 00732nam a2200289Ia 4500
005 20260324135953.0
008 008 260324s9999 xx 000 0 eng d
020 _a9780429115158
037 _aEBOOK
040 _aCRL
040 _beng
040 _cCRL
041 _2eng
041 _aeng
084 _qCRL
100 _aFloris van den Broek
_91202627
245 0 _aManagement of International Networks
245 0 _bCost-Effective Strategies for the New Telecom Regulations and Services
260 _bTaylor and Francis
260 _c1999
365 _a
365 _b340
856 _uhttp://www.taylorfrancis.com/books/9780429115158
942 _cEBOOK
999 _c1804218
_d1804218